Physiological psychology / (Record no. 71217)
[ view plain ]
| 000 -LEADER | |
|---|---|
| fixed length control field | 00678nam a2200229 a 4500 |
| 001 - CONTROL NUMBER | |
| control field | 71217 |
| 003 - CONTROL NUMBER IDENTIFIER | |
| rucl marc code | BD-RjUL |
| 005 - DATE AND TIME OF LATEST TRANSACTION | |
| control field | 20211209082105.0 |
| 008 - FIXED-LENGTH DATA ELEMENTS--GENERAL INFORMATION | |
| fixed length control field | 170429s1970 nyua b 001 0 eng d |
| 020 ## - INTERNATIONAL STANDARD BOOK NUMBER | |
| International Standard Book Number | 039101150 (pbk.) |
| 035 ## - SYSTEM CONTROL NUMBER | |
| System control number | (BD-RjUL)71432 |
| 040 ## - CATALOGING SOURCE | |
| Original cataloging agency | DLC |
| Transcribing agency | DLC |
| Modifying agency | VNN |
| -- | BD-RjUL |
| Language of cataloging | eng |
| 041 ## - LANGUAGE CODE | |
| Language code of text/sound track or separate title | eng |
| 082 ## - DEWEY DECIMAL CLASSIFICATION NUMBER | |
| Classification number | 152 |
| Edition number | 23 |
| Author mark and year | MIP 1970 |
| 100 1# - MAIN ENTRY--PERSONAL NAME | |
| Personal name | Milner, Peter M. |
| 9 (RLIN) | 210703 |
| 245 00 - TITLE STATEMENT | |
| Title | Physiological psychology / |
| Statement of responsibility, etc. | [by] Peter M. Milner |
| 260 ## - PUBLICATION, DISTRIBUTION, ETC. (IMPRINT) | |
| Place of publication, distribution, etc. | London : |
| Name of publisher, distributor, etc. | Holt, Rinehart and Winston, |
| Date of publication, distribution, etc. | c1970. |
| 300 ## - PHYSICAL DESCRIPTION | |
| Pagination | x, 531 p. : |
| Illustrations | ill. ; |
| Size | 26 cm. |
| 504 ## - BIBLIOGRAPHY, ETC. NOTE | |
| Bibliography, etc | Includes bibliographical references and indexes |
| 650 #0 - SUBJECT ADDED ENTRY--TOPICAL TERM | |
| Topical term or geographic name as entry element | Psychophysiology |
| 9 (RLIN) | 210704 |
| 942 ## - ADDED ENTRY ELEMENTS (KOHA) | |
| Source of classification or shelving scheme | Dewey Decimal Classification |
| Koha item type | Books |
| Lost status | Source of classification or shelving scheme | Damaged status | Not for loan | Collection code | Permanent Location | Current Location | Shelving location | Date acquired | Source of acquisition | Cost, normal purchase price | Total Checkouts | Full call number | Date last seen | Copy number | Koha item type |
|---|---|---|---|---|---|---|---|---|---|---|---|---|---|---|---|
| Dewey Decimal Classification | Not For Loan | Non-fiction | Central Library, University of Rajshahi | Central Library, University of Rajshahi | Reading Room | 06/12/1974 | Janathen | 350.00 | 152 MIP 1970 | 29/04/2017 | C-1 | Books |